Carta pastoral (Record no. 74428)

MARC details
000 -LEADER
campo de control de longitud fija 00608nam a2200181 i 4500
001 - NÚMERO DE CONTROL
campo de control 74428
003 - IDENTIFICADOR DE NÚMERO DE CONTROL
campo de control ES-MaACL
005 - FECHA Y HORA DE LA ÚLTIMA TRANSACCIÓN
campo de control 20250816063131.0
007 - CAMPO FIJO DE DESCRIPCIÓN FÍSICA--INFORMACIÓN GENERAL
campo de control de longitud fija t|
008 - DATOS DE LONGITUD FIJA--INFORMACIÓN GENERAL
campo de control de longitud fija 040920s1973 sp ||||1| spa d
100 1# - ENTRADA PRINCIPAL--NOMBRE DE PERSONA
Nombre de persona González Martín, Marcelo,
Fechas asociadas al nombre 1918-2004
9 (RLIN) 140601
245 10 - MENCIÓN DEL TÍTULO
Título Carta pastoral
Resto del título : un seminario nuevo y libre : ¿más sacerdotes o más seglares? /
Mención de responsabilidad, etc. Marcelo González Martín.
260 ## - PUBLICACIÓN, DISTRIBUCIÓN, ETC.
Lugar de publicación, distribución, etc. Toledo :
Nombre del editor, distribuidor, etc. [s.n.,
Fecha de publicación, distribución, etc. 1973] (
Fabricante Imp. Serrano)
300 ## - DESCRIPCIÓN FÍSICA
Extensión 95 p. ;
Dimensiones 21 cm.
650 04 - PUNTO DE ACCESO ADICIONAL DE MATERIA--TÉRMINO DE MATERIA
Término de materia o nombre geográfico como elemento de entrada Sacerdotes-
Subdivisión general Educación.
9 (RLIN) 16960
852 ## - LOCALIZACIÓN
Ubicación ES-MaACL
Número de control de estantería C-55120
Sublocalización o colección R.88031
Holdings
Estatus retirado Estado de pérdida Estado de daño No para préstamo Biblioteca de origen Biblioteca actual Ubicación en estantería Fecha de adquisición Fuente de adquisición Total de préstamos Signatura topográfica completa Código de barras Visto por última vez Precio de reemplazo Tipo de ítem Koha
        Biblioteca del Ateneo de Madrid Biblioteca del Ateneo de Madrid Depósito 2 17/01/2008     C-55120 1077911 23/02/2023 23/02/2023 Libro impreso